Pleistocene Changes in the fauna and flora of South America (Registro nro. 9439)

Detalles MARC
000 -CABECERA
Campo de control 004970000a22001690004500
090 ## - CLASIFICACIÓN LOCAL
Colección AR
Consecutivo 00341
041 0# - IDIOMA
Código de idioma para texto/pista de sonido o título separado
100 1# - ASIENTO PRINCIPAL--NOMBRE PERSONAL
Nombre personal Vuilleumier, Beryl Simpson
245 10 - MENCION DE TITULO
Título Pleistocene Changes in the fauna and flora of South America
650 14 - ASIENTO SECUNDARIO DE MATERIA - TERMINO TEMATICO
Término temático o nombre geográfico como elemento de entrada Biogeografía
650 14 - ASIENTO SECUNDARIO DE MATERIA - TERMINO TEMATICO
Término temático o nombre geográfico como elemento de entrada Evolución
650 14 - ASIENTO SECUNDARIO DE MATERIA - TERMINO TEMATICO
Término temático o nombre geográfico como elemento de entrada Paleontología
650 14 - ASIENTO SECUNDARIO DE MATERIA - TERMINO TEMATICO
Término temático o nombre geográfico como elemento de entrada Cambio Climatico
651 #4 - ASIENTO SECUNDARIO DE MATERIA - NOMBRE GEOGRAFICO
-- América del Sur
773 1# - Item fuente:
Título Science
Especificación de materiales 685
Descripción física 3999
Paginas del Articulo 771-780
Lugar, editorial y fecha de publicación 1971
Información sobre la relación 173
942 ## - ELEMENTOS ADICIONALES (KOHA)
Tipo de ítem Artículo
Existencias
Withdrawn status Lost status Damaged status No para préstamo Colección Ubicación Permanente Ubicación actual Fecha de adquisición Fuente de Valor Datos de publicación Seriada Total Checkouts Número topográfico Inventario / Código de Barras Date last seen Ejemplar Price effective from Forma de adquisición Tipo de material
      No para Préstamo Hemeroteca Bogotá Bogotá 27/02/2015 Franco, Ana María Fuera de circulación   AR 00341 010594 25/03/2015 1 25/03/2015   Artículo